| 000 | 00423nam a2200133Ia 4500 | ||
|---|---|---|---|
| 008 | 170516s9999 xx 000 0 und d | ||
| 245 | _aMicro-RNAs as Potential New Molecular Biomarkers in Oncology: Have They Reached Relevance for the Clinical Imaging Sciences? | ||
| 260 | _bTheranostics | ||
| 260 | _c2013 | ||
| 300 | _a3:12 | ||
| 650 | _xMedical Technology | ||
| 650 | _xMedtech | ||
| 856 | _uhttp://www.thno.org/v3i12 | ||
| 999 |
_c330474 _d330474 |
||